| 000 | 00707nam a22001577a 4500 | ||
|---|---|---|---|
| 005 | 2012021600430.0 | ||
| 020 |
_a8170002443 _c450.00 |
||
| 035 | _aB-19444 | ||
| 037 |
_aDPL _bENG |
||
| 100 |
_aTripathi,S.M. _942564 |
||
| 245 |
_aObjective Questions in Library and informationScience: _cby P.S. Sooryanarayana _bfor NET-UGC,SET and other Tests/ |
||
| 260 |
_aNew Delhi _bEss Ess Publication _c1998 |
||
| 300 |
_a 231p. _c22 cms. |
||
| 942 |
_2ddc _cEN _h020. _mTRI |
||
| 999 |
_c63191 _d63191 |
||